[Event "Aragon-chT Preferente A"]
[Site "Aragon"]
[Date "2012.03.03"]
[Round "5.52"]
[White "Najera de Miguel, Pedro Jesus"]
[Black "Esteban Marin, Francisco"]
[Result "1-0"]
[WhiteElo "1988"]
[BlackElo "1635"]
[PlyCount "101"]
[EventDate "2012.02.04"]
[EventType "team"]
[EventRounds "9"]
[EventCountry "ESP"]
[SourceTitle "EXT 2014"]
[Source "ChessBase"]
[SourceDate "2013.11.20"]
[SourceVersion "1"]
[SourceVersionDate "2013.11.20"]
[SourceQuality "1"]
[WhiteTeam "St Casablanca III"]
[BlackTeam "Calatayud"]
[WhiteTeamCountry "ESP"]
[BlackTeamCountry "ESP"]

1. c4 g6 2. g3 Bg7 3. Bg2 d6 4. Nc3 Nf6 5. d3 0-0 6. Bg5 Nbd7 7. Qd2 a6 8. e4 Rb8 9. a4 Nc5 10. Qc2 Ncd7 11. Nge2 c5 12. 0-0 h6 13. Bd2 Ng4 14. h3 Ngf6 15. d4 cxd4 16. Nxd4 Ne5 17. b3 Nc6 18. Be3 Bd7 19. Rab1 Qc8 20. Nxc6 bxc6 21. Kh2 c5 22. Rfd1 Bc6 23. Nd5 Nxd5 24. exd5 Bd7 25. h4 Bg4 26. Re1 Re8 27. Be4 Rb7 28. f3 Bh5 29. g4 Bxg4 30. fxg4 Qxg4 31. Qg2 Qxh4+ 32. Kg1 h5 33. Bg5 Qg4 34. Qxg4 hxg4 35. Bc2 f5 36. Re6 Kf7 37. Kg2 Be5 38. Rh1 Rg8 39. Rh6 Rd7 40. Rh7+ Rg7 41. Rh8 a5 42. Bh6 Rg8 43. Rxg8 Kxg8 44. Rxg6+ Kf7 45. Bxf5 Rb7 46. Bc2 Rxb3 47. Bxb3 Kxg6 48. Bd2 Kf7 49. Bd1 g3 50. Bg4 Ke8 51. Bxa5 1-0